[Event "Turkey Cup 2019"]
[Site "Belek"]
[Date "2019.01.30"]
[Round "6.5"]
[White "Gulbeyaz, Emir"]
[Black "Ozenir, Ekin Baris"]
[Result "1-0"]
[WhiteElo "2179"]
[BlackElo "2267"]
[Annotator "NA"]
[PlyCount "43"]
[EventDate "2019.01.27"]
[EventType "swiss"]
[EventCountry "TUR"]
[SourceTitle "playchess.com"]
[Source "ChessBase"]
[SourceQuality "1"]

1. e4 Nc6 2. Nc3 Nf6 3. d4 d5 4. e5 Nd7 5. Nxd5 Ndb8 6. Nc3 Qxd4 7. Be3 Qxe5 8. Nf3 Qa5 9. Nd2 Be6 10. Nb3 Bxb3 11. axb3 Qe5 12. Qe2 e6 13. f4 Qf6 14. Qb5 Bb4 15. Qxb7 Bxc3+ 16. bxc3 O-O 17. Bd2 Qh4+ 18. g3 Qh5 19. Bg2 Nd7 20. Qxc6 Rad8 21. Qf3 Qc5 22. Qe3 1-0

[Event "Turkey Cup 2019"]
[Site "Belek"]
[Date "2019.01.30"]
[Round "6.6"]
[White "Tarlabasi, Emirhan"]
[Black "Aydincelebi, Kagan"]
[Result "1-0"]
[WhiteElo "2264"]
[BlackElo "2206"]
[Annotator "NA"]
[PlyCount "87"]
[EventDate "2019.01.27"]
[EventType "swiss"]
[EventCountry "TUR"]
[SourceTitle "playchess.com"]
[Source "ChessBase"]
[SourceQuality "1"]

1. d4 d5 2. c4 dxc4 3. e3 Nf6 4. Nf3 e6 5. Bxc4 a6 6. O-O b5 7. Bd3 Bb7 8. a4 b4 9. Qe2 c5 10. Nbd2 Nbd7 11. Nc4 cxd4 12. exd4 Be7 13. Bf4 O-O 14. Rac1 Nd5 15. Bg3 N7f6 16. Nfe5 g6 17. Rcd1 Nh5 18. f4 a5 19. Qf2 Nb6 20. Nxb6 Qxb6 21. Nd7 Qa7 22. Nxf8 Rxf8 23. Be2 Nxg3 24. hxg3 Bf6 25. Rd2 Rd8 26. Rfd1 Bc6 27. Bc4 Bxa4 28. b3 Bc6 29. d5 Qxf2+ 30. Kxf2 exd5 31. Bxd5 Bxd5 32. Rxd5 Ra8 33. Rb5 a4 34. bxa4 Rxa4 35. Rb8+ Kg7 36. Rb7 g5 37. f5 Ra2+ 38. Kf3 Ra3+ 39. Ke4 Ra5 40. g4 Re5+ 41. Kf3 Be7 42. Rdd7 Kf8 43. f6 Bc5 44. Rd8+ 1-0

[Event "Turkey Cup 2019"]
[Site "Belek"]
[Date "2019.01.30"]
[Round "6.8"]
[White "Kocak, Can"]
[Black "Ozen, Bahadir"]
[Result "0-1"]
[WhiteElo "1994"]
[BlackElo "2349"]
[Annotator "NA"]
[PlyCount "84"]
[EventDate "2019.01.27"]
[EventType "swiss"]
[EventCountry "TUR"]
[SourceTitle "playchess.com"]
[Source "ChessBase"]
[SourceQuality "1"]

1. e4 e5 2. Nf3 Nc6 3. Bc4 Bc5 4. c3 Nf6 5. d3 d6 6. O-O O-O 7. Bb3 a6 8. Nbd2 h6 9. Nc4 Re8 10. Re1 b5 11. Ne3 Bb6 12. h3 Be6 13. a4 Qd7 14. Nd5 Bxd5 15. Bxd5 Nxd5 16. exd5 Ne7 17. a5 Ba7 18. Qb3 Qf5 19. Re4 Qg6 20. Be3 f5 21. Rb4 Qf7 22. Bxa7 Rxa7 23. c4 Rb7 24. Qd1 Reb8 25. Qe2 c5 26. Rb3 bxc4 27. Rxb7 Rxb7 28. dxc4 Ng6 29. Qc2 e4 30. Nd2 Nf4 31. Nf1 Qf6 32. Rb1 Qg5 33. Ng3 Rb4 34. Kh2 h5 35. f3 h4 36. Nf1 exf3 37. gxf3 Rxc4 38. Qf2 Rd4 39. Re1 Kf7 40. Ne3 Qg3+ 41. Qxg3 hxg3+ 42. Kxg3 Nd3 0-1

[Event "Turkey Cup 2019"]
[Site "Belek"]
[Date "2019.01.30"]
[Round "6.9"]
[White "Ozsakallioglu, Okan"]
[Black "Sevgi, Volkan"]
[Result "1/2-1/2"]
[WhiteElo "2051"]
[BlackElo "2292"]
[Annotator "NA"]
[PlyCount "69"]
[EventDate "2019.01.27"]
[EventType "swiss"]
[EventCountry "TUR"]
[SourceTitle "playchess.com"]
[Source "ChessBase"]
[SourceQuality "1"]

1. e4 c5 2. Nf3 d6 3. d4 cxd4 4. Nxd4 Nf6 5. Nc3 g6 6. Be3 Bg7 7. f3 O-O 8. Qd2 Nc6 9. O-O-O Nxd4 10. Bxd4 Be6 11. Kb1 a6 12. g4 b5 13. g5 Nh5 14. Ne2 Qc7 15. Bxg7 Nxg7 16. Nf4 Qc5 17. h4 a5 18. h5 a4 19. a3 b4 20. Qh2 Qxg5 21. hxg6 h5 22. Nd5 Bxd5 23. Rxd5 f5 24. Bc4 Kh8 25. f4 Qxg6 26. Be2 bxa3 27. Bxh5 Nxh5 28. Qe2 Kg7 29. Rxh5 Qg1+ 30. Ka2 Qb6 31. Rg5+ Kf7 32. bxa3 Ke8 33. Qc4 Rb8 34. Qxa4+ Kd8 35. Qb3 1/2-1/2

[Event "Turkey Cup 2019"]
[Site "Belek"]
[Date "2019.01.30"]
[Round "6.10"]
[White "Sahin, Handenur"]
[Black "Dogan, Nazmi Can"]
[Result "0-1"]
[WhiteElo "1998"]
[BlackElo "2244"]
[Annotator "NA"]
[PlyCount "84"]
[EventDate "2019.01.27"]
[EventType "swiss"]
[EventCountry "TUR"]
[SourceTitle "playchess.com"]
[Source "ChessBase"]
[SourceQuality "1"]

1. e4 c6 2. d4 d5 3. exd5 cxd5 4. c4 Nf6 5. Nc3 g6 6. cxd5 Bg7 7. Qb3 O-O 8. Be2 Na6 9. Bf3 Qb6 10. Nge2 Qxb3 11. axb3 Nb4 12. O-O Rd8 13. d6 exd6 14. Nb5 a6 15. Bd2 Nc6 16. Nc7 Rb8 17. Nxa6 bxa6 18. Bxc6 Rxb3 19. Ba5 Rf8 20. Bc3 Be6 21. Nf4 Bc4 22. Rfe1 g5 23. Ne2 Rb6 24. Ba4 Bd3 25. Rad1 Bg6 26. Ra1 Bd3 27. Rad1 Bg6 28. Ng3 h5 29. f3 Nd5 30. Ne4 g4 31. fxg4 hxg4 32. Bd7 Rd8 33. Ba4 Nxc3 34. bxc3 Rc8 35. Rc1 Bh6 36. Nf6+ Kg7 37. Nd5 Bxc1 38. Nxb6 Rxc3 39. Nd5 Bd2 40. Rd1 Rd3 41. Nc7 Rxd4 42. Nxa6 Rxa4 0-1

[Event "Turkey Cup 2019"]
[Site "Belek"]
[Date "2019.01.30"]
[Round "6.11"]
[White "Kilic, Gokturk Kagan"]
[Black "Kilic, Efe Mert"]
[Result "0-1"]
[WhiteElo "2000"]
[BlackElo "2241"]
[Annotator "NA"]
[PlyCount "102"]
[EventDate "2019.01.27"]
[EventType "swiss"]
[EventCountry "TUR"]
[SourceTitle "playchess.com"]
[Source "ChessBase"]
[SourceQuality "1"]

1. e4 e5 2. Nf3 Nc6 3. d4 exd4 4. Nxd4 g6 5. Nc3 Bg7 6. Be3 Nge7 7. Bc4 O-O 8. O-O h6 9. f4 d6 10. f5 Nxd4 11. Bxd4 Bxd4+ 12. Qxd4 Nc6 13. Qe3 g5 14. Rad1 Ne5 15. Bb3 Kh7 16. Nb5 Bd7 17. Nd4 Qf6 18. a4 a6 19. Ne2 Bc6 20. Ng3 Nd7 21. Qd4 Rae8 22. Bd5 Qxd4+ 23. Rxd4 Re5 24. Rfd1 Nf6 25. Bxc6 bxc6 26. Rc4 c5 27. b4 Nd7 28. bxc5 Nxc5 29. Rd5 Rxd5 30. exd5 Re8 31. Nh5 Re5 32. g4 a5 33. h3 Kg8 34. Kg2 Kf8 35. Nf6 Re3 36. h4 gxh4 37. g5 hxg5 38. Rg4 Rg3+ 39. Rxg3 hxg3 40. Kxg3 Nxa4 41. Nh7+ Kg7 42. Nxg5 Nc3 43. Kf4 a4 44. Nf3 a3 45. Nd2 a2 46. Nb3 Kf6 47. Ke3 Nxd5+ 48. Kd4 Nb4 49. Kc3 c5 50. Kb2 Kxf5 51. c3 Nd5 0-1

[Event "Turkey Cup 2019"]
[Site "Belek"]
[Date "2019.01.30"]
[Round "6.12"]
[White "Ozkan, Ervin"]
[Black "Yasin, Hur"]
[Result "1-0"]
[WhiteElo "2150"]
[BlackElo "2004"]
[Annotator "NA"]
[PlyCount "97"]
[EventDate "2019.01.27"]
[EventType "swiss"]
[EventCountry "TUR"]
[SourceTitle "playchess.com"]
[Source "ChessBase"]
[SourceQuality "1"]

1. d4 Nf6 2. Bf4 d6 3. e3 g6 4. h3 Bg7 5. Nf3 O-O 6. Be2 c5 7. c3 cxd4 8. exd4 Nc6 9. O-O Re8 10. Bh2 Bf5 11. Qb3 Qc7 12. Nbd2 e5 13. dxe5 dxe5 14. Nc4 Be6 15. Qa4 Nd5 16. Ng5 Bf5 17. Bf3 Nb6 18. Nxb6 Qxb6 19. Bd5 Re7 20. Qc4 Rf8 21. Rfe1 h6 22. Ne4 Rd8 23. Qb3 Qc7 24. c4 Nd4 25. Qc3 Qc8 26. Qd2 b5 27. Rac1 Rc7 28. Nc3 b4 29. Bxe5 Bxe5 30. Rxe5 Nc6 31. Rxf5 bxc3 32. Qf4 cxb2 33. Rf6 bxc1=Q+ 34. Qxc1 Kg7 35. Qc3 Kh7 36. Bxc6 Kg8 37. Qf3 Re7 38. Bd5 Qc7 39. Rxg6+ Kf8 40. g3 Rd6 41. Rg4 Rdd7 42. Qf5 Re5 43. Qh7 Rdxd5 44. Qxh6+ Ke7 45. cxd5 Rxd5 46. Qe3+ Kf8 47. Qa3+ Ke8 48. Re4+ Re5 49. Rxe5+ 1-0

[Event "Turkey Cup 2019"]
[Site "Belek"]
[Date "2019.01.30"]
[Round "6.13"]
[White "Ererdem, Gani Eren"]
[Black "Makaraci, Tunahan"]
[Result "1/2-1/2"]
[WhiteElo "2137"]
[BlackElo "1915"]
[Annotator "NA"]
[PlyCount "92"]
[EventDate "2019.01.27"]
[EventType "swiss"]
[EventCountry "TUR"]
[SourceTitle "playchess.com"]
[Source "ChessBase"]
[SourceQuality "1"]

1. d4 Nf6 2. Nf3 e6 3. g3 b6 4. Bg2 Bb7 5. O-O Be7 6. c4 O-O 7. d5 exd5 8. Nh4 c6 9. cxd5 Nxd5 10. Nf5 Nc7 11. e4 d5 12. Re1 d4 13. Qg4 g6 14. e5 h5 15. Nxe7+ Qxe7 16. Qxd4 Rd8 17. Qe3 Nd7 18. Nc3 Nd5 19. Nxd5 cxd5 20. Qh6 Nc5 21. Bg5 Qf8 22. Qxf8+ Rxf8 23. Rad1 Ne4 24. Bh4 Rfe8 25. f3 Nc5 26. h3 a5 27. g4 Ne6 28. gxh5 gxh5 29. Kf2 Kh7 30. Bf1 Rg8 31. Bd3+ Kh6 32. Bg3 d4 33. Bf5 Rad8 34. Bh4 Rc8 35. Rg1 Bd5 36. b3 b5 37. Rxg8 Rxg8 38. Bf6 a4 39. bxa4 bxa4 40. Bxe6 fxe6 41. Rxd4 a3 42. Ra4 Ra8 43. Rxa8 Bxa8 44. Be7 Bd5 45. Bxa3 Bxa2 46. Kg3 Bd5 1/2-1/2

[Event "Turkey Cup 2019"]
[Site "Belek"]
[Date "2019.01.30"]
[Round "6.14"]
[White "Peker, Serdar"]
[Black "Baylav, Can"]
[Result "0-1"]
[WhiteElo "1830"]
[BlackElo "2108"]
[Annotator "NA"]
[PlyCount "118"]
[EventDate "2019.01.27"]
[EventType "swiss"]
[EventCountry "TUR"]
[SourceTitle "playchess.com"]
[Source "ChessBase"]
[SourceQuality "1"]

1. e4 c5 2. Nc3 Nc6 3. Bb5 g6 4. d3 Bg7 5. f4 Nd4 6. Bc4 e6 7. Nf3 Ne7 8. O-O d5 9. exd5 exd5 10. Bb5+ Nxb5 11. Nxb5 O-O 12. Nc3 Nf5 13. Ne2 d4 14. Ng3 Nxg3 15. hxg3 Bg4 16. Qe1 Re8 17. Qf2 Qd5 18. b3 b5 19. Bd2 c4 20. Rae1 cxd3 21. cxd3 Bf5 22. Rxe8+ Rxe8 23. Re1 Rxe1+ 24. Qxe1 Qe6 25. Qxe6 fxe6 26. Ne1 Kf7 27. Kf2 Ke7 28. Bb4+ Kd7 29. Bc5 a6 30. Ke2 Kc6 31. b4 Kd5 32. Nf3 a5 33. Be7 a4 34. Nh2 e5 35. fxe5 Bxe5 36. Nf1 Bg4+ 37. Kd2 a3 38. Kc2 Kc6 39. Nd2 Bxg3 40. Ne4 Bf4 41. Bc5 Be3 42. Nc3 h5 43. Nb1 h4 44. Nxa3 Bf3 45. Ba7 Bxg2 46. Bb8 Bg1 47. Kd2 h3 48. Nc2 h2 49. Nxd4+ Kb6 50. Bxh2 Bxh2 51. Ne2 Bf3 52. Nd4 Bd5 53. a3 Be5 54. Ke3 Bxd4+ 55. Kxd4 Kc6 56. Ke5 Bb3 57. Kf6 Bc2 58. Kxg6 Bxd3+ 59. Kg5 Bc2 0-1

[Event "Turkey Cup 2019"]
[Site "Belek"]
[Date "2019.01.30"]
[Round "6.15"]
[White "Erdogan, Anil Berk"]
[Black "Demircin, Kasim"]
[Result "1-0"]
[WhiteElo "2090"]
[BlackElo "1878"]
[Annotator "NA"]
[PlyCount "81"]
[EventDate "2019.01.27"]
[EventType "swiss"]
[EventCountry "TUR"]
[SourceTitle "playchess.com"]
[Source "ChessBase"]
[SourceQuality "1"]

1. e4 e5 2. Nf3 Nc6 3. Bb5 Nf6 4. O-O Nxe4 5. d4 Nd6 6. Bxc6 bxc6 7. dxe5 Nb7 8. c4 Be7 9. Nc3 O-O 10. Re1 Nc5 11. Nd4 Ne6 12. Nf5 Bg5 13. Ne4 Bxc1 14. Rxc1 Nf4 15. Qg4 Ng6 16. Qh5 Nf4 17. Nh6+ Kh8 18. Qf3 Ng6 19. Nxf7+ Rxf7 20. Qxf7 Qg8 21. Qxg8+ Kxg8 22. Nc3 Kf7 23. f4 Ke7 24. g3 Ba6 25. b3 Rf8 26. Rcd1 h5 27. Rd2 Rf5 28. Red1 Nf8 29. Ne2 g6 30. Re1 Rf7 31. Nd4 c5 32. e6 dxe6 33. Nc6+ Kf6 34. Rd8 Nh7 35. Ne5 Rg7 36. Rd7 Bc8 37. Rxg7 Kxg7 38. Nd3 Kf7 39. Re5 Nf6 40. Rxc5 Ne8 41. Rg5 1-0

[Event "Turkey Cup 2019"]
[Site "Belek"]
[Date "2019.01.30"]
[Round "6.16"]
[White "Yucesoy, Atil"]
[Black "Pektas, Yigit"]
[Result "1-0"]
[WhiteElo "1685"]
[BlackElo "2019"]
[Annotator "NA"]
[PlyCount "59"]
[EventDate "2019.01.27"]
[EventType "swiss"]
[EventCountry "TUR"]
[SourceTitle "playchess.com"]
[Source "ChessBase"]
[SourceQuality "1"]

1. d4 f5 2. c4 Nf6 3. Nc3 g6 4. Nf3 Bg7 5. g3 O-O 6. Bg2 d6 7. O-O Qe8 8. d5 Na6 9. Rb1 c6 10. dxc6 bxc6 11. b4 Bd7 12. a3 Nc7 13. Bb2 Ne6 14. Nd4 Nd8 15. c5 e5 16. Ndb5 dxc5 17. Nc7 Qe7 18. Nxa8 cxb4 19. axb4 Ne6 20. b5 e4 21. Qa4 Rxa8 22. bxc6 Be8 23. f3 Qc5+ 24. Kh1 Bxc6 25. Qb3 Re8 26. fxe4 Ng4 27. Nd1 fxe4 28. Rc1 Qh5 29. h4 Ba8 30. Rc8 1-0

[Event "Turkey Cup 2019"]
[Site "Belek"]
[Date "2019.01.30"]
[Round "6.17"]
[White "Koksal, Ege"]
[Black "Kiraz, Yigit"]
[Result "1-0"]
[WhiteElo "2360"]
[BlackElo "1673"]
[Annotator "NA"]
[PlyCount "111"]
[EventDate "2019.01.27"]
[EventType "swiss"]
[EventCountry "TUR"]
[SourceTitle "playchess.com"]
[Source "ChessBase"]
[SourceQuality "1"]

1. d4 Nf6 2. c4 g6 3. Nc3 d5 4. Nf3 Bg7 5. Qb3 dxc4 6. Qxc4 c6 7. e4 Be6 8. Qd3 Na6 9. Be2 O-O 10. O-O Bg4 11. Be3 e6 12. Rad1 Qa5 13. Ne5 Bxe2 14. Qxe2 Rad8 15. Bg5 h6 16. Bh4 g5 17. Bg3 c5 18. Nc4 Qb4 19. Bd6 b5 20. Bxf8 Rxf8 21. Ne5 cxd4 22. Nc6 Qc5 23. Nxd4 Nc7 24. Ndxb5 Nxb5 25. Nxb5 Nxe4 26. Qxe4 Qxb5 27. b3 Rc8 28. Rc1 Rb8 29. g3 a5 30. Rc7 Be5 31. Rc4 Rd8 32. Rfc1 Rd2 33. Rc8+ Kg7 34. R8c5 Rd1+ 35. Rxd1 Qxc5 36. Kg2 Qb5 37. Rd3 Bf6 38. Rd6 Qc5 39. Rd7 Qa3 40. Qxe6 Qf8 41. Qd5 Qe8 42. Ra7 Bc3 43. a3 Qf8 44. Rb7 Kg8 45. Qc6 Bg7 46. b4 axb4 47. axb4 Qd8 48. Qd7 Qf6 49. Rb8+ Bf8 50. Qe8 Kh7 51. b5 Qf5 52. Qc6 Bc5 53. Qf3 Qe6 54. Qd3+ f5 55. Rb7+ Kg6 56. g4 1-0

[Event "Turkey Cup 2019"]
[Site "Belek"]
[Date "2019.01.30"]
[Round "6.18"]
[White "Karadeniz, Ali Emre"]
[Black "Gazioglu, Halit"]
[Result "1/2-1/2"]
[WhiteElo "2257"]
[BlackElo "1909"]
[Annotator "NA"]
[PlyCount "113"]
[EventDate "2019.01.27"]
[EventType "swiss"]
[EventCountry "TUR"]
[SourceTitle "playchess.com"]
[Source "ChessBase"]
[SourceQuality "1"]

1. d4 Nf6 2. c4 c5 3. d5 e6 4. Nc3 exd5 5. cxd5 d6 6. Nf3 g6 7. Bf4 Bg7 8. Qa4+ Bd7 9. Qb3 Qc7 10. e4 O-O 11. Nd2 Nh5 12. Be3 a6 13. a4 f5 14. exf5 Bxf5 15. Be2 Nf6 16. h3 Kh8 17. g4 Bc8 18. Nc4 Nbd7 19. a5 Ne8 20. h4 Ne5 21. Nxe5 Bxe5 22. h5 g5 23. Bxg5 Nf6 24. f3 Qg7 25. Bd2 Rb8 26. O-O-O Nd7 27. Na4 Bf4 28. h6 Qe5 29. Qc3 b5 30. axb6 Qxc3+ 31. Nxc3 Rxb6 32. Rh3 Ne5 33. Kc2 Bxd2 34. Rxd2 Bd7 35. Ne4 a5 36. Ng5 c4 37. Ne6 Rfb8 38. Kc3 Rb3+ 39. Kd4 Rxb2 40. Rxb2 Rxb2 41. f4 Rxe2 42. fxe5 Rxe5 43. Rf3 Bxe6 44. dxe6 Kg8 45. Rf6 a4 46. Kxc4 a3 47. Kb3 Re3+ 48. Ka2 d5 49. g5 d4 50. Rf4 d3 51. Rd4 Rxe6 52. Rxd3 Ra6 53. Rd7 Ra5 54. Rg7+ Kf8 55. Rxh7 Rxg5 56. Ra7 Kg8 57. Kxa3 1/2-1/2

[Event "Turkey Cup 2019"]
[Site "Belek"]
[Date "2019.01.30"]
[Round "6.19"]
[White "Metin, Mehmet"]
[Black "Karakurt, Fahri"]
[Result "1/2-1/2"]
[WhiteElo "2197"]
[BlackElo "1914"]
[Annotator "NA"]
[PlyCount "123"]
[EventDate "2019.01.27"]
[EventType "swiss"]
[EventCountry "TUR"]
[SourceTitle "playchess.com"]
[Source "ChessBase"]
[SourceQuality "1"]

1. e4 c5 2. Nf3 d6 3. d4 cxd4 4. Nxd4 Nf6 5. Nc3 a6 6. Bg5 e6 7. Bc4 h6 8. Bxf6 Qxf6 9. O-O Nc6 10. Nxc6 bxc6 11. f4 d5 12. exd5 cxd5 13. Bxd5 exd5 14. Re1+ Be6 15. Qxd5 Rc8 16. f5 Bc5+ 17. Kh1 O-O 18. fxe6 fxe6 19. Qxe6+ Qxe6 20. Rxe6 Rf2 21. Re2 Rcf8 22. Rxf2 Rxf2 23. Ne4 Rxc2 24. Nxc5 Rxc5 25. b4 Rc2 26. a3 Kf7 27. h3 Ke6 28. Re1+ Kf6 29. Rd1 Ke6 30. Rd3 Ra2 31. Kh2 Ke5 32. h4 g6 33. Rg3 Kf5 34. Rc3 Kg4 35. Rc4+ Kh5 36. Rc5+ Kxh4 37. Ra5 g5 38. Rxa6 h5 39. b5 g4 40. Ra4 Kg5 41. Rb4 h4 42. Rb1 Rxa3 43. b6 Ra8 44. b7 Rb8 45. Rb5+ Kf4 46. Rb4+ Kg5 47. Kg1 h3 48. g3 Kh5 49. Rb5+ Kh6 50. Kf2 Kg6 51. Rb1 Kf5 52. Rb4 Kg5 53. Rb5+ Kg6 54. Kg1 Kh6 55. Rb2 Kg5 56. Kf2 Kf5 57. Ke3 h2 58. Rxh2 Rxb7 59. Rh5+ Kg6 60. Re5 Rf7 61. Re6+ Kg5 62. Ke4 1/2-1/2

[Event "Turkey Cup 2019"]
[Site "Belek"]
[Date "2019.01.30"]
[Round "6.20"]
[White "Isik, Alparslan"]
[Black "Degirmenci, Yagiz"]
[Result "1/2-1/2"]
[WhiteElo "2244"]
[BlackElo "1872"]
[Annotator "NA"]
[PlyCount "102"]
[EventDate "2019.01.27"]
[EventType "swiss"]
[EventCountry "TUR"]
[SourceTitle "playchess.com"]
[Source "ChessBase"]
[SourceQuality "1"]

1. d4 d5 2. c4 e6 3. Nf3 Nf6 4. g3 Bb4+ 5. Bd2 Bxd2+ 6. Nbxd2 O-O 7. Bg2 c6 8. O-O Nbd7 9. Qc2 Re8 10. e4 dxe4 11. Nxe4 Nxe4 12. Qxe4 Qc7 13. Ne5 c5 14. Nxd7 Bxd7 15. dxc5 Bc6 16. Qe3 Bxg2 17. Kxg2 a5 18. b3 Rac8 19. Rfd1 Qxc5 20. Qxc5 Rxc5 21. Rd7 b5 22. cxb5 Rxb5 23. Ra7 h5 24. Rd1 Rc8 25. Rdd7 Rf5 26. Rac7 Ra8 27. Rc4 Rb8 28. Rdd4 Rbb5 29. Kf1 Kh7 30. Rf4 Kg6 31. Rxf5 Kxf5 32. Rf4+ Kg6 33. Ke2 e5 34. Rc4 Kf5 35. Kd3 g5 36. Kc3 Rd5 37. a3 Rd1 38. b4 axb4+ 39. axb4 Ke6 40. b5 Kd5 41. Rb4 Rc1+ 42. Kd3 Kc5 43. Rb2 f5 44. b6 Rd1+ 45. Kc3 Rd8 46. b7 Rb8 47. Kd3 Rd8+ 48. Ke3 Rb8 49. h3 Kc6 50. g4 fxg4 51. hxg4 h4 1/2-1/2

[Event "Turkey Cup 2019"]
[Site "Belek"]
[Date "2019.01.30"]
[Round "6.21"]
[White "Ozveren, Ali Bulent"]
[Black "Yeke, Serkan"]
[Result "0-1"]
[WhiteElo "1906"]
[BlackElo "2117"]
[Annotator "NA"]
[PlyCount "120"]
[EventDate "2019.01.27"]
[EventType "swiss"]
[EventCountry "TUR"]
[SourceTitle "playchess.com"]
[Source "ChessBase"]
[SourceQuality "1"]

1. Nf3 Nf6 2. c4 c5 3. g3 b6 4. Bg2 Bb7 5. O-O e6 6. Nc3 d6 7. d4 cxd4 8. Nxd4 Bxg2 9. Kxg2 a6 10. Bg5 Be7 11. Qa4+ Qd7 12. Rfd1 Ra7 13. Rac1 O-O 14. Qxd7 Rxd7 15. b3 Rc8 16. Na4 Rb7 17. Nc3 h6 18. Bxf6 Bxf6 19. Ne4 Be7 20. Rc2 Rd8 21. Nc3 Rc7 22. e4 Rdc8 23. a4 Nd7 24. f3 g6 25. Rb2 Bf8 26. Nde2 Ne5 27. Rbd2 Nc6 28. Nf4 Na5 29. Rb1 Nb7 30. Na2 b5 31. axb5 axb5 32. cxb5 Rc5 33. Nd3 Rxb5 34. Rc1 Ra8 35. b4 Bg7 36. Nc3 Rb6 37. Ra2 Rc8 38. Nd5 Rxc1 39. Nxb6 Rc3 40. Ra8+ Kh7 41. Nf2 Bd4 42. Ra7 Rc7 43. Na8 Rc2 44. Rxb7 Rxf2+ 45. Kh3 Rxf3 46. b5 h5 47. Nc7 Kh6 48. Kg2 Rf2+ 49. Kh1 g5 50. h4 gxh4 51. gxh4 Rf4 52. Ne8 Bc5 53. e5 dxe5 54. Kg2 Kg6 55. Rc7 Rf2+ 56. Kg3 Bd4 57. Rc4 Rb2 58. Nd6 f5 59. Rc8 e4 60. Rg8+ Kh7 0-1

[Event "Turkey Cup 2019"]
[Site "Belek"]
[Date "2019.01.30"]
[Round "6.22"]
[White "Aslan, Onat Ugur"]
[Black "Karaoglan, Doruk"]
[Result "0-1"]
[WhiteElo "1812"]
[BlackElo "2142"]
[Annotator "NA"]
[PlyCount "168"]
[EventDate "2019.01.27"]
[EventType "swiss"]
[EventCountry "TUR"]
[SourceTitle "playchess.com"]
[Source "ChessBase"]
[SourceQuality "1"]

1. d4 Nf6 2. Bg5 Ne4 3. Bf4 d5 4. e3 c5 5. Bd3 cxd4 6. Bxe4 dxe4 7. Qxd4 Qxd4 8. exd4 Nc6 9. Ne2 Nb4 10. Na3 e6 11. Nc3 Nd5 12. Nxd5 exd5 13. Nb5 Bb4+ 14. c3 Ba5 15. Nc7+ Bxc7 16. Bxc7 Be6 17. Kd2 Kd7 18. Bf4 h6 19. h4 Rhg8 20. Be3 Raf8 21. f4 h5 22. Rh2 g6 23. g3 Rc8 24. Rhh1 Ke7 25. a4 Kf6 26. Ke2 b6 27. Rhc1 Ke7 28. Kd2 a5 29. Ra3 Bd7 30. Rca1 Rc4 31. R3a2 Kf6 32. Ke2 Kf5 33. Kf2 Kg4 34. Ra3 f6 35. Kg2 Rf8 36. Rb3 Rb8 37. Rba3 Kf5 38. Kf2 Rc7 39. Bd2 Rf8 40. Be3 Rc4 41. Rb3 Rb8 42. Rba3 Rb7 43. Kg2 Ke6 44. Kf2 Kd6 45. Bd2 Kc7 46. Ke3 Kb8 47. b4 axb4 48. cxb4 Rbc7 49. a5 b5 50. Rb1 Ka7 51. Raa1 Ka6 52. Rc1 Bg4 53. Rab1 Bd7 54. Ra1 Rc8 55. Rab1 R8c7 56. Rxc4 Rxc4 57. Rc1 Ka7 58. Rc3 Kb7 59. Rc1 Ka6 60. Rb1 Ka7 61. Rc1 Kb7 62. Bc3 Bc8 63. Bd2 Kc6 64. Rc3 Ba6 65. Rxc4+ bxc4 66. g4 f5 67. gxh5 gxh5 68. Bc3 Kb5 69. Kd2 Ka4 70. Kc2 Ka3 71. Be1 e3 72. Kc3 Bb5 73. Kc2 Ka2 74. Bg3 Ba4+ 75. Kc3 Kb1 76. a6 Kc1 77. a7 Bc6 78. b5 Ba8 79. Kb4 Kd2 80. Ka5 c3 81. Kb6 c2 82. Kc7 c1=Q+ 83. Kb8 Qc4 84. Bh2 e2 0-1

[Event "Turkey Cup 2019"]
[Site "Belek"]
[Date "2019.01.30"]
[Round "6.23"]
[White "Akbas, Umut Ata"]
[Black "Guven, Oguz Kagan"]
[Result "1/2-1/2"]
[WhiteElo "1939"]
[BlackElo "2087"]
[Annotator "NA"]
[PlyCount "69"]
[EventDate "2019.01.27"]
[EventType "swiss"]
[EventCountry "TUR"]
[SourceTitle "playchess.com"]
[Source "ChessBase"]
[SourceQuality "1"]

1. e4 g6 2. d4 Bg7 3. Nc3 d6 4. Be3 a6 5. Qd2 b5 6. Nf3 Bb7 7. a3 Nd7 8. d5 c5 9. dxc6 Bxc6 10. Nd4 Bb7 11. a4 bxa4 12. f3 Ngf6 13. Rxa4 O-O 14. Be2 Nc5 15. Ra3 Qc7 16. O-O Rfc8 17. Rfa1 h5 18. Ra5 e6 19. R1a3 Ncd7 20. Bxa6 Bxa6 21. Rxa6 Rxa6 22. Rxa6 Qb7 23. Ra2 Ne5 24. Ndb5 Rd8 25. Bd4 Nc6 26. Qe3 Nxd4 27. Nxd4 h4 28. Ndb5 Qc6 29. Qa7 d5 30. Ra6 Qc4 31. Ra4 Qc6 32. Ra6 Qc4 33. Ra4 Qc8 34. e5 Nd7 35. Nd6 1/2-1/2

[Event "Turkey Cup 2019"]
[Site "Belek"]
[Date "2019.01.30"]
[Round "6.24"]
[White "Benk, Tolga Tugay"]
[Black "Korkmaz, Necmettin"]
[Result "0-1"]
[WhiteElo "1863"]
[BlackElo "2053"]
[Annotator "NA"]
[PlyCount "70"]
[EventDate "2019.01.27"]
[EventType "swiss"]
[EventCountry "TUR"]
[SourceTitle "playchess.com"]
[Source "ChessBase"]
[SourceQuality "1"]

1. d4 d5 2. c4 e5 3. dxe5 d4 4. Nf3 Nc6 5. g3 Be6 6. b3 Qd7 7. Bg2 Bh3 8. O-O Bxg2 9. Kxg2 O-O-O 10. a3 Nge7 11. Ra2 h5 12. Bg5 Qe6 13. Rd2 f6 14. exf6 gxf6 15. Bf4 Ng6 16. e3 h4 17. Nxd4 Nxd4 18. Rxd4 Nxf4+ 19. exf4 Rxd4 20. Qxd4 hxg3 21. fxg3 Qh3+ 22. Kf2 Qxh2+ 23. Kf3 Qh5+ 24. Kg2 Bc5 25. Qd1 Qh2+ 26. Kf3 Re8 27. Rh1 Qf2+ 28. Kg4 Rg8+ 29. Kf5 Qxg3 30. Rh6 Bd6 31. Qf1 Qg4+ 32. Ke4 Bxf4 33. Rxf6 Bg5+ 34. Kd3 Rd8+ 35. Kc2 Qe4+ 0-1

[Event "Turkey Cup 2019"]
[Site "Belek"]
[Date "2019.01.30"]
[Round "6.25"]
[White "Kul, Ozdemir Efe"]
[Black "Canbulan, Arda"]
[Result "1-0"]
[WhiteElo "1998"]
[BlackElo "1884"]
[Annotator "NA"]
[PlyCount "63"]
[EventDate "2019.01.27"]
[EventType "swiss"]
[EventCountry "TUR"]
[SourceTitle "playchess.com"]
[Source "ChessBase"]
[SourceQuality "1"]

1. Nf3 d5 2. g3 Bg4 3. Bg2 Nd7 4. h3 Bxf3 5. Bxf3 c6 6. d3 e5 7. e4 Ngf6 8. O-O Bd6 9. Bg2 Qb6 10. Qe2 h6 11. exd5 Nxd5 12. Nd2 O-O-O 13. Nc4 Qc7 14. Nxd6+ Qxd6 15. a3 f5 16. Rd1 Rde8 17. c4 N5f6 18. b4 g5 19. Be3 Kb8 20. b5 f4 21. bxc6 fxe3 22. cxd7 exf2+ 23. Qxf2 Nxd7 24. Rab1 Nc5 25. Rb5 Rc8 26. d4 Rhf8 27. Qe3 Rfe8 28. Rdb1 Rcd8 29. dxc5 Qd4 30. Rxb7+ Kc8 31. Qxd4 exd4 32. Bd5 1-0

[Event "Turkey Cup 2019"]
[Site "Belek"]
[Date "2019.01.30"]
[Round "6.26"]
[White "Demirbas, Emre"]
[Black "Kizilkus, Akin"]
[Result "0-1"]
[WhiteElo "1823"]
[BlackElo "2100"]
[Annotator "NA"]
[PlyCount "76"]
[EventDate "2019.01.27"]
[EventType "swiss"]
[EventCountry "TUR"]
[SourceTitle "playchess.com"]
[Source "ChessBase"]
[SourceQuality "1"]

1. Nf3 Nf6 2. c4 g6 3. b3 Bg7 4. Bb2 O-O 5. g3 d6 6. d4 c5 7. Bg2 d5 8. cxd5 Nxd5 9. O-O Nc6 10. Na3 Ndb4 11. e3 Bf5 12. Qd2 Qd7 13. Rfd1 Rfd8 14. Qe2 cxd4 15. Nxd4 Nxd4 16. Bxd4 Bd3 17. Qe1 Bxd4 18. exd4 a5 19. Qe3 Qxd4 20. Qxe7 Re8 21. Qxb7 Ra7 22. Qf3 Qb2 23. Nc4 Bxc4 24. bxc4 Nxa2 25. Rdb1 Qd2 26. Qc6 Rae7 27. Bf3 Nb4 28. Qb6 Nd3 29. Rd1 Qc2 30. Qd4 Re3 31. fxe3 Qf2+ 32. Kh1 Qxf3+ 33. Kg1 Nf2 34. Qd7 Re6 35. h4 Qxg3+ 36. Kf1 Nxd1 37. Rxd1 Rf6+ 38. Ke2 Qh2+ 0-1